12 Disciples Scrambled Name Quiz - Statistics

General Stats
  • This quiz has been taken 52 times
  • The average score is 10 of 12
Answer Stats
Hint Answer % Correct
Tepre Peter
100%
njho John
95%
Maejs James
89%
Ppiilh Philip
89%
Easmj James
87%
Ausdj Judas
87%
Shomta Thomas
87%
Hewtamt Matthew
79%
Oismn Simon
79%
Drwane Andrew
71%
rehoboamtwl Bartholomew
63%
Deuthads Thaddeus
55%
No matching quizzes found
Score Distribution
Percent of People with Each Score
Percentile by Number Answered
Your Score History
You have not taken this quiz